000 00597nam a2200241Ia 4500
003 OSt
005 20220912152446.0
006 a|||||r|||| 00| 0
007 ta
008 220909b |||||||| |||| 00| 0 eng d
024 _a46372
037 _cTextual
040 _aCSL
_beng
_cCSL
041 _aeng
082 _aE33:986ST, K7.1-;1
100 _aCarstensen H Ed.
245 0 _aSteroid harmone analysis
260 _c1967
300 _ap.
_ccm.
650 _aAnalytic Chemistry
942 _hE33:986ST, K7.1-;1
_cTEXL
_2CC
999 _c86487
_d86487